Premier League: 50+ Assists (2000-) - Statistics

General Stats
  • This quiz has been taken 24 times
  • The average score is 24 of 35
Answer Stats
Ranking Player Positions Nationality Matches Goals (assists) Periods Clubs % Correct
6 David Silva MF, FW 309 60 (93) 2010-2020
100%
1 Kevin De Bruyne MF, FW 288 72 (118) 2013-2014, 2015-2025
100%
9 Mohamed Salah MF, FW 301 186 (87) 2013-2014, 2017-2025
100%
8 Steven Gerrard MF 463 119 (89) 2000-2015
94%
14 Thierry Henry FW 227 158 (66) 2000-2006, 2011-2012
94%
3 Wayne Rooney MF, FW 491 208 (102) 2002-2018
94%
2 Cesc Fàbregas MF, FW 350 50 (111) 2004-2010, 2014-2019
89%
10 Christian Eriksen MF, FW 310 55 (78) 2013-2019, 2021-2025
89%
5 Frank Lampard MF 491 160 (94) 2000-2015
89%
4 Ryan Giggs MF, FW 382 55 (101) 2000-2014
89%
12 Son Heung-min MF, FW 333 127 (71) 2015-2025
89%
7 James Milner DF, MF 638 55 (89) 2002-2025
83%
13 Raheem Sterling MF, FW 396 123 (66) 2011-2025
83%
16 Riyad Mahrez MF, FW 284 82 (62) 2014-2023
83%
18 Andrew Robertson DF, MF 308 11 (60) 2014-2015, 2016-2025
78%
11 Ashley Young DF, FW 485 50 (74) 2006-2019, 2021-2025
78%
22 Didier Drogba FW 254 104 (55) 2004-2011, 2014-2015
78%
15 Trent Alexander-Arnold DF 259 18 (64) 2016-2025
78%
23 Mesut Özil MF, FW 184 33 (55) 2013-2020
72%
27 Juan Mata MF, FW 278 52 (54) 2011-2022
67%
31 Bruno Fernandes MF, FW 195 62 (51) 2019-2025
61%
25 Eden Hazard MF, FW 245 85 (54) 2012-2019
61%
35 Roberto Firmino MF, FW 256 82 (50) 2015-2023
61%
17 Gareth Barry MF 589 50 (61) 2000-2018
56%
34 Gylfi Sigurðsson MF, FW 318 67 (50) 2011-2021
56%
29 Robin van Persie FW 280 144 (53) 2004-2015
56%
26 Jordan Henderson MF 431 33 (54) 2008-2023
50%
28 Leighton Baines DF 420 32 (53) 2005-2020
50%
20 Peter Crouch FW 468 106 (58) 2001-2019
50%
21 Theo Walcott MF, FW 397 80 (56) 2006-2023
39%
19 Stewart Downing MF, FW 408 37 (59) 2001-2014, 2016-2017
33%
32 Damien Duff MF, FW 337 49 (51) 2001-2014
28%
33 Aaron Lennon MF, FW 416 36 (50) 2003-2004, 2005-2019, 2021-2022
22%
24 Steed Malbranque MF 336 39 (55) 2001-2011
17%
30 Danny Murphy MF 377 48 (52) 2000-2012
11%
No matching quizzes found
Score Distribution
Percent of People with Each Score
Percentile by Number Answered
Your Score History
You have not taken this quiz